Statistics for Name The Amount Of Legs By Animal

Click here to take the quiz!

General Stats

  • This quiz has been taken 36 times
  • The average score is 6 of 10

Answer Stats

HintAnswer% Correct
Ant6
100%
Flamingo2
83%
Crocodile4
83%
Crab10
77%
Tarantula8
77%
Snake0
73%
Caterpillar16
33%
House Centipede30
30%
Woodlouse14
27%
Millipede300
3%

Score Distribution

Percentile by Number Answered

Percent of People with Each Score

Your Score History

You have not taken this quiz